| 000 | 00760nam a2200289Ia 4500 | ||
|---|---|---|---|
| 001 | 16099 | ||
| 003 | IT-RoPAU | ||
| 008 | 130308s9999 xx 000 0 und d | ||
| 040 | _aIT-RoPAU | ||
| 040 | _cIT-RoPAU | ||
| 041 | _aITALIANO | ||
| 100 | _aPrini Pietro | ||
| 100 | _gCodice Aut. SPICS: 2328 | ||
| 245 | _aIpotesi di lavoro sulla televisione scolastica | ||
| 245 | _bTelevisione nella Scuola di domani (La) | ||
| 250 | _a1a ed. | ||
| 260 | _aROMA | ||
| 260 | _bAbete | ||
| 260 | _c1969 [1° Ed.:1969 - Ed.Ling.Originale:1969] | ||
| 300 | _a"8 p. (prefazione: no ; testo: 8 [pagine: 13-20])" | ||
| 650 | _aDIDATTICA AUDIOVISIVA | ||
| 650 | _eCodice materia Spics: 4002 | ||
| 942 | _cBK | ||
| 957 | _71 | ||
| 999 |
_c46002 _d46002 |
||
| 999 | _bSI | ||
| 999 | _g1 | ||